| 000 | 00513nam a22001937a 4500 | ||
|---|---|---|---|
| 003 | KOHA_MİRAKIL | ||
| 005 | 20240930100958.0 | ||
| 008 | 240929b2022 tu ||||| |||| 00| 0 tur d | ||
| 020 | _a9786257925822 | ||
| 040 |
_aTR-AnABB _btur _cTR-AnABB |
||
| 041 | _atur | ||
| 082 |
_a813.42 _bUYA 2022 |
||
| 100 | _aUyar, Kemal. | ||
| 245 | 0 |
_aYaşam ve anılar / _cKemal Uyar. |
|
| 260 |
_aAnkara : _bBarış Kitabevi, _c2022. |
||
| 300 |
_a100 sayfa ; _c20 cm. |
||
| 650 | _aTürk edebiyatı, roman | ||
| 942 |
_2ddc _cBK |
||
| 999 |
_c1340 _d1340 |
||